|
|
|
|
| LEADER |
01529nam a22002897a 4500 |
| 001 |
42536 |
| 003 |
BD-DhAAL |
| 008 |
240429t2023 sz a ob 001 0 eng d |
| 020 |
|
|
|a 9783031437946
|
| 020 |
|
|
|a 9783031437953
|
| 020 |
|
|
|a 3031437950
|
| 040 |
|
|
|a BD-DhAAL
|c BD-DhAAL
|
| 082 |
|
|
|a 305.6970973
|2 23
|
| 100 |
|
|
|a Kabir, Nahid Afrose,
|e author.
|
| 245 |
|
|
|a American Muslim perspectives on radicalization /
|c Nahid Afrose Kabir.
|
| 260 |
|
|
|a Cham :
|b Palgrave Macmillan,
|c 2023.
|
| 300 |
|
|
|a xxiii, 312 pages :
|b illustrations ;
|c 22 cm.
|
| 504 |
|
|
|a Includes bibliographical references and index.
|
| 526 |
|
|
|a ENH
|x Dr. Nahid Afrose Kabir,
Professor,
English and Humanities
Course name : Islam in the world (HST 405)
|
| 541 |
|
|
|a Complimentary copy from Nahid Afrose Kabir
Hye Trade International
|e 42536, 44248
|
| 650 |
|
|
|a Muslims
|z United States
|x Social conditions.
|9 30135
|
| 650 |
|
|
|a Radicalization
|z United States.
|9 56290
|
| 852 |
|
|
|a Ayesha Abed Library
|c Reserved Section
|
| 942 |
|
|
|2 ddc
|c BK
|
| 999 |
|
|
|c 46577
|d 46577
|
| 952 |
|
|
|0 0
|1 0
|2 ddc
|4 0
|6 305_697097300000000_KAB
|7 0
|9 75406
|a BRACUL
|b BRACUL
|c REF
|d 2024-04-29
|e Complimentary copy from Nahid Afrose Kabir
|l 0
|o 305.6970973 KAB
|p 3010042536
|r 2024-04-29
|t 1
|w 2024-04-29
|y RSV
|
| 952 |
|
|
|0 0
|1 0
|2 ddc
|4 0
|6 305_697097300000000_KAB
|7 0
|9 77497
|a BRACUL
|b BRACUL
|c GEN
|d 2025-03-18
|e Hye Trade International
|g 10700.00
|l 0
|o 305.6970973 KAB
|p 3010044248
|r 2025-03-18
|t 1
|v 10700.00
|w 2025-03-18
|y BK
|x Requisitioned by Dr. Nahid Afrose Kabir for the course named- "Islam in the world (HST 405)".
|